Statistics for Famous Welsh People

Click here to take the quiz!

General Stats

  • This quiz has been taken 5,616 times
    (5,467 since last reset)
  • The average score is 10 of 20

Answer Stats

Clue Person % Correct
"Matilda" and "The BFG" authorRoald Dahl
80%
Pulled one sword from a stone
and got another from a watery tart
King Arthur
79%
What's new pussycat?Tom Jones
78%
He was Hannibal LecterAnthony Hopkins
70%
"Total Eclipse of the Heart"Bonnie Tyler
59%
Twice married to Liz TaylorRichard Burton
58%
Caribbean privateer
and rum brand namesake
Henry Morgan
56%
Patron saint of WalesSaint David
56%
Real Madrid paid £85 million for himGareth Bale
53%
British officer who helped
Arabs revolt in WWI
Lawrence of
Arabia
52%
James Bond of the 1980'sTimothy Dalton
50%
She sang three James Bond themesShirley Bassey
48%
First Tudor KingHenry VII
46%
British PM during WWIDavid Lloyd
George
46%
Player with the most
Premier League appearances
Ryan Giggs
45%
Poet who did not go gentle
into that good night
Dylan Thomas
40%
Journalist who presumably found
Dr. Livingstone in Africa
Henry Morton
Stanley
34%
Founder of the NHS.
Voted greatest Welshman
Aneurin Bevan
25%
Knight of the above. Grew up in a forestPercival
12%
"World Without End" authorKen Follett
7%

Score Distribution

Percentile by Number Answered

Percent of People with Each Score

Your Score History

You have not taken this quiz since the last reset